| 000 | 00714cam a2200229 4500 | ||
|---|---|---|---|
| 001 | B2279 | ||
| 008 | 090401t1989 xxu||||| |||| 00| 0 eng d | ||
| 035 | _a(Sirsi) u49072 | ||
| 041 | _aeng | ||
| 050 | _a333.33 | ||
| 090 | _aRICS 1989/35 ABC | ||
| 110 |
_aInter-professional working party on the transfer of residential property _93390 |
||
| 245 | _aTowards easier buying and selling:taking the trauma out of moving home | ||
| 260 |
_aLondon _bRoyal Institution of Chartered Surveyors _c1989 |
||
| 300 | _a41p. ; 30cm. | ||
| 350 | _a0 | ||
| 520 | _aAvailable free from the Communications Department of the RICS | ||
| 650 | _aESTATE AGENCY | ||
| 650 | _aHOUSE SALES | ||
| 942 | _n0 | ||
| 948 | _c04/03/1997 | ||
| 999 |
_c92480 _d92480 |
||